|
|
|
|
| LEADER |
00000nam2a2200000 4500 |
| 001 |
121754 |
| 005 |
20231031125517.0 |
| 035 |
|
|
|a (RuTPU)RU\TPU\book\131852
|
| 090 |
|
|
|a 121754
|
| 100 |
|
|
|a 20070920d1982 km y0rusy50 ca
|
| 101 |
1 |
|
|a rus
|c eng
|
| 102 |
|
|
|a RU
|
| 105 |
|
|
|a a z 001zy
|
| 200 |
0 |
|
|a Т. 2
|
| 210 |
|
|
|d 1982
|
| 215 |
|
|
|a 348 с.
|c ил.
|
| 320 |
|
|
|a Библиография в конце глав.
|
| 461 |
|
1 |
|0 (RuTPU)RU\TPU\book\148610
|t Утилизация твердых отходов
|o в 2-х томах
|o пер. с англ.
|f под ред. Д. Вилсона
|v Т. 2
|d 1985
|
| 610 |
1 |
|
|a утилизация
|
| 610 |
1 |
|
|a твердые отходы
|
| 675 |
|
|
|a 628.4
|v 3
|
| 801 |
|
1 |
|a RU
|b 63413507
|c 20070920
|g PSBO
|
| 801 |
|
2 |
|a RU
|b 63413507
|c 20080924
|g PSBO
|
| 942 |
|
|
|c BK
|